Экологические проблемы техногенно-нагруженных территорий (Запись № 9939906)
[ простой вид ]
| 000 -МАРКЕР | |
|---|---|
| контрольное поле | 02505nam0a2200325 i 4500 |
| 001 - ИДЕНТИФИКАТОР ЗАПИСИ | |
| контрольное поле | RU\NLR\BIBL_A\010750730 |
| 005 - ИДЕНТИФИКАТОР ВЕРСИИ | |
| контрольное поле | 20260405080541.0 |
| 010 ## - МЕЖДУНАРОДНЫЙ СТАНДАРТНЫЙ НОМЕР КНИГИ (ISBN) | |
| Номер (ISBN) | 9785444605738 |
| Тираж | 200 |
| 021 ## - НОМЕР ГОСУДАРСТВЕННОЙ РЕГИСТРАЦИИ | |
| Код страны | Российская Федерация |
| Номер | 2015-23122 |
| Номер Листа государственной регистраци | 1373 |
| 035 ## - ДРУГИЕ СИСТЕМНЫЕ НОМЕРА | |
| Идентификатор записи | (NILC)RuMoRGB-007899499 |
| 035 ## - ДРУГИЕ СИСТЕМНЫЕ НОМЕРА | |
| Идентификатор записи | (NLR Aleph) 010750730 |
| 100 ## - ДАННЫЕ ОБЩЕЙ ОБРАБОТКИ | |
| Данные общей обработки | 20150512d2014 km y0rusy50 ca |
| 101 0# - ЯЗЫК РЕСУРСА | |
| Язык текста, звукозаписи и т.д. | русский |
| 102 ## - СТРАНА ПУБЛИКАЦИИ ИЛИ ПРОИЗВОДСТВА | |
| Страна публикации | Российская Федерация |
| 105 ## - ПОЛЕ КОДИРОВАННЫХ ДАННЫХ: ТЕКСТОВЫЕ МАТЕРИАЛЫ, МОНОГРАФИЧЕСКИЕ | |
| Кодированные данные о монографическом текстовом документе | ab||z|||000yy |
| 200 1# - ЗАГЛАВИЕ И СВЕДЕНИЯ ОБ ОТВЕТСТВЕННОСТИ | |
| Основное заглавие | Экологические проблемы техногенно-нагруженных территорий |
| Сведения, относящиеся к заглавию | материалы межвузовской студенческой научной конференции (Воронеж 22 декабря 2014) |
| Первые сведения об ответственности | [под ред. В. И. Попова, И. И. Косиновой] |
| 210 ## - ПУБЛИКАЦИЯ, РАСПРОСТРАНЕНИЕ И ДР. | |
| Место издания, распространения и т.д. | Воронеж |
| Имя издателя, распространителя и т. д. | Научная книга |
| Дата издания, распространения и т.д. | 2014 |
| 215 ## - ФИЗИЧЕСКАЯ ХАРАКТЕРИСТИКА | |
| Специфическое обозначение материала и объем | 70, [1] с. |
| Другие сведения о физической характеристике | ил., карт., табл. |
| Размеры | 20 |
| 300 ## - ОБЩИЕ ПРИМЕЧАНИЯ | |
| Текст примечания | В надзаг.: Гос. бюджетное образовательное учреждение высш. проф. образования "Воронежская гос. мед. акад. им. Н. Н. Бурденко" М-ва здравоохранения Российской Федерации, Федеральное гос. бюджетное образовательное учреждение высш. проф. образования " Московский гос. ун-т им. М. В. Ломоносова", Федеральное гос. бюджетное образовательное учреждение высш. проф. образования "Воронежский гос. ун-т" |
| 320 ## - ПРИМЕЧАНИЯ О НАЛИЧИИ В ДОКУМЕНТЕ БИБЛИОГРАФИИ / УКАЗАТЕЛЯ | |
| Текст примечания | Библиогр. в конце ст. |
| 606 1# - НАИМЕНОВАНИЕ ТЕМЫ КАК ПРЕДМЕТ | |
| Наименование темы | Окружающая среда |
| Формальный подзаголовок | Съезды, совещания и т.п |
| Тематический подзаголовок | Загрязнение техногенное |
| -- | Гигиеническая оценка |
| Системный номер авторитетной/нормативной записи | 2239850 |
| Идентификатор авторитетной/нормативной записи | RU\NLR\AUTH\661344072 |
| 686 1# - ИНДЕКСЫ ДРУГИХ КЛАССИФИКАЦИЙ | |
| Индекс | Р121.101я431(2) |
| 702 #1 - ИМЯ ЛИЦА - ВТОРИЧНАЯ ОТВЕТСТВЕННОСТЬ | |
| Код отношения | Редактор |
| Материалы, к которым относится поле | rus |
| Графика поля | Кириллица |
| Начальный элемент ввода | Попов |
| Часть имени, кроме начального элемента ввода | В. И. |
| Дополнения к именам, кроме дат | д-р мед. наук, гигиена |
| Даты | 1969- |
| Расширение инициалов личного имени | Валерий Иванович |
| Идентификатор авторитетной/нормативной записи | RU\NLR\AUTH\7727720 |
| Системный номер авторитетной/нормативной записи | 10751 |
| 711 12 - НАИМЕНОВАНИЕ ОРГАНИЗАЦИИ - АЛЬТЕРНАТИВНАЯ ОТВЕТСТВЕННОСТЬ | |
| Начальный элемент ввода | "Экологические проблемы техногенно-нагруженных территорий", межвузовская студенческая научная конференция |
| Место проведения временной организации | Воронеж |
| Дата проведения временной организации | 2014 |
| Системный номер авторитетной/нормативной записи | 466032 |
| Идентификатор авторитетной/нормативной записи | RU\NLR\AUTH\880399542 |
| 801 #0 - ИСТОЧНИК ЗАПИСИ | |
| Страна | Российская Федерация |
| Организация | РГБ |
| Дата составления | 20150327 |
| Правила каталогизации | RCR |
| 942 ## - ДОПОЛНИТЕЛЬНЫЕ ЭЛЕМЕНТЫ ЗАПИСИ (АБИС) | |
| Тип экземпляра АБИС | Книга |
| 980 ## - КОЛЛЕКЦИЯ | |
| Название коллекции | НБР |
Нет доступных экземпляров.